CS2 maps - Statistics

General Stats
  • This quiz has been taken 469 times
    226 since last reset
  • The average score is 11 of 19
Answer Stats
Premier % Correct
Dust 2
98%
Mirage
98%
Inferno
96%
Ancient
92%
Nuke
92%
Anubis
89%
Overpass
83%
Vertigo
76%
Train
72%
Office
67%
Italy
66%
Pool day
42%
Baggage
33%
Poseidon
20%
Shoots
20%
Stronghold
20%
Warden
20%
Alpine
15%
Sanctum
13%
No matching quizzes found
Score Distribution
Percent of People with Each Score
Percentile by Number Answered
Your Score History
You have not taken this quiz since the last reset